000 00432cam a2200193ua 4500
001 9016
008 150219n ii |||gr||||Z||||||asm
020 _a8185921148
040 _cMAIN
041 _aasm
082 _a782.42
100 _aPhukan, B. Kr.,
_eAuthor.
245 1 _aRaag sangeet
_cBy B. Kr. Phukan
250 _a1st.
260 _aGuwahati:
_bLawyer,
_c1995.
300 _a290p.
653 _aVocal music
942 _cBK
999 _c8107
_d8107